<?xml version="1.0" encoding="UTF-8"?>
<record
    xmlns:xsi="http://www.w3.org/2001/XMLSchema-instance"
    xsi:schemaLocation="http://www.loc.gov/MARC21/slim http://www.loc.gov/standards/marcxml/schema/MARC21slim.xsd"
    xmlns="http://www.loc.gov/MARC21/slim">

  <leader>01795nam a2200253 a 4500</leader>
  <datafield tag="090" ind1=" " ind2=" ">
    <subfield code="a">IAVH</subfield>
    <subfield code="b">00652</subfield>
  </datafield>
  <datafield tag="041" ind1=" " ind2=" ">
    <subfield code="a">spa</subfield>
  </datafield>
  <datafield tag="100" ind1=" " ind2=" ">
    <subfield code="a">Silva Garnica, Silva</subfield>
    <subfield code="9">11158</subfield>
  </datafield>
  <datafield tag="245" ind1=" " ind2=" ">
    <subfield code="a">Gu&#xED;a ambiental del sector ap&#xED;cola</subfield>
  </datafield>
  <datafield tag="260" ind1=" " ind2=" ">
    <subfield code="a">Bogot&#xE1;</subfield>
    <subfield code="b">Instituto Alexander von Humboldt</subfield>
    <subfield code="c">2005</subfield>
  </datafield>
  <datafield tag="300" ind1=" " ind2=" ">
    <subfield code="a">91 p.</subfield>
  </datafield>
  <datafield tag="520" ind1=" " ind2=" ">
    <subfield code="a">El primer cap&#xED;tulo incluye algunas generalidades de la apicultura en Colombia: caracter&#xED;sticas de las abejas Apis mellifera; comportamiento de las abejas Apis mellifera; antecedentes de la apicultura en Colombia; desarrollo de la actividad ap&#xED;cola en Colombia. El segundo cap&#xED;tulo expone el marco legal de la apicultura: marco legal general; Constituci&#xF3;n Pol&#xED;tica de Colombia; Leyes, Decretos y Resoluciones de &#xED;ndole ambiental; marco legal espec&#xED;fico .El tercer cap&#xED;tulo analiza la planeaci&#xF3;n y gesti&#xF3;n ambiental en apicultura: comunicaci&#xF3;n, divulgaci&#xF3;n y promoci&#xF3;n.El cuarto, describe el proceso productivo ap&#xED;cola: fase de producci&#xF3;n o campo, beneficio de los productos ap&#xED;colas (miel, polen, propoleo). El quinto cap&#xED;tulo analiza el manejo ambiental en apicultura en el proceso productivo agr&#xED;cola y el beneficio de los productos ap&#xED;colas. El sexto cap&#xED;tulo muestra los resultados del monitoreo, seguimiento y evaluaci&#xF3;n del proceso productivo ap&#xED;cola. El &#xFA;ltimo cap&#xED;tulo analiza la conservaci&#xF3;n de la biodiversidad en apicultura</subfield>
  </datafield>
  <datafield tag="650" ind1=" " ind2=" ">
    <subfield code="a">Biodiversidad</subfield>
    <subfield code="9">92204</subfield>
  </datafield>
  <datafield tag="650" ind1=" " ind2=" ">
    <subfield code="a">Conservaci&#xF3;n</subfield>
    <subfield code="9">92401</subfield>
  </datafield>
  <datafield tag="650" ind1=" " ind2=" ">
    <subfield code="a">Apicultura</subfield>
    <subfield code="9">206</subfield>
  </datafield>
  <datafield tag="650" ind1=" " ind2=" ">
    <subfield code="a">Legislaci&#xF3;n ambiental</subfield>
    <subfield code="9">92309</subfield>
  </datafield>
  <datafield tag="650" ind1=" " ind2=" ">
    <subfield code="a">Etolog&#xED;a</subfield>
    <subfield code="9">7606</subfield>
  </datafield>
  <datafield tag="650" ind1=" " ind2=" ">
    <subfield code="a">Caracterizaci&#xF3;n biol&#xF3;gica</subfield>
    <subfield code="9">2833</subfield>
  </datafield>
  <datafield tag="650" ind1=" " ind2=" ">
    <subfield code="a">Beneficio de productos ap&#xED;colas</subfield>
    <subfield code="9">11163</subfield>
  </datafield>
  <datafield tag="650" ind1=" " ind2=" ">
    <subfield code="a">Constituci&#xF3;n Pol&#xED;tica Colombiana</subfield>
    <subfield code="9">11164</subfield>
  </datafield>
  <datafield tag="650" ind1=" " ind2=" ">
    <subfield code="a">Miel</subfield>
    <subfield code="9">92600</subfield>
  </datafield>
  <datafield tag="650" ind1=" " ind2=" ">
    <subfield code="a">Polen</subfield>
    <subfield code="9">2547</subfield>
  </datafield>
  <datafield tag="650" ind1=" " ind2=" ">
    <subfield code="a">Propoleo</subfield>
    <subfield code="9">11165</subfield>
  </datafield>
  <datafield tag="999" ind1=" " ind2=" ">
    <subfield code="c">6154</subfield>
    <subfield code="d">6154</subfield>
  </datafield>
</record>
